Perspectives on society and culture. (Record no. 1244)

MARC details
000 -LEADER
fixed length control field 01436cas a2200421 a 4500
001 - CONTROL NUMBER
control field 14316437
003 - CONTROL NUMBER IDENTIFIER
control field OSt
005 - DATE AND TIME OF LATEST TRANSACTION
control field 20230619113333.0
008 - FIXED-LENGTH DATA ELEMENTS--GENERAL INFORMATION
fixed length control field 060324c20059999np ar 0 0eng
010 ## - LIBRARY OF CONGRESS CONTROL NUMBER
LC control number 2005386993
025 ## - OVERSEAS ACQUISITION NUMBER
Overseas acquisition number N-2005-386993-S; 22
035 ## - SYSTEM CONTROL NUMBER
System control number (OCoLC)ocm65194621
037 ## - SOURCE OF ACQUISITION
Source of stock number/acquisition Perspectives on Society and Culture, Nepal Centre for Creative Research (NCCR), G.P.O. Box no. 21972, Kathmandu, Nepal
040 ## - CATALOGING SOURCE
Original cataloging agency DLC
Language of cataloging eng
Transcribing agency DLC
Modifying agency DLC
-- OCLCQ
-- OCLCF
-- OCLCO
-- OCL
-- OCLCA
041 0# - LANGUAGE CODE
Language code of text/sound track or separate title eng
-- nep
042 ## - AUTHENTICATION CODE
Authentication code pcc
043 ## - GEOGRAPHIC AREA CODE
Geographic area code a-np---
050 00 - LIBRARY OF CONGRESS CALL NUMBER
Classification number HN670.9
Item number .A485
082 ## - DEWEY DECIMAL CLASSIFICATION NUMBER
Classification number 301
Item number MEI
245 00 - TITLE STATEMENT
Title Perspectives on society and culture.
260 ## - PUBLICATION, DISTRIBUTION, ETC. (IMPRINT)
Place of publication, distribution, etc. Kathmandu :
Name of publisher, distributor, etc. Nepal Centre for Creative Research,
Date of publication, distribution, etc. 2005-
300 ## - PHYSICAL DESCRIPTION
Extent 313P
310 ## - CURRENT PUBLICATION FREQUENCY
Current publication frequency Annual
362 0# - DATES OF PUBLICATION AND/OR SEQUENTIAL DESIGNATION
Dates of publication and/or sequential designation Vol. 1 (2005)-
515 ## - NUMBERING PECULIARITIES NOTE
Numbering peculiarities note Vols. for 2005- called also No. 1-
546 ## - LANGUAGE NOTE
Language note In English; some Nepali.
650 #7 - SUBJECT ADDED ENTRY--TOPICAL TERM
Topical term or geographic name as entry element Civilization.
Source of heading or term fast
Authority record control number (OCoLC)fst00862898
650 #7 - SUBJECT ADDED ENTRY--TOPICAL TERM
Topical term or geographic name as entry element Social conditions
Source of heading or term fast
Authority record control number (OCoLC)fst01919811
651 #0 - SUBJECT ADDED ENTRY--GEOGRAPHIC NAME
Geographic name Nepal
General subdivision Social conditions
Form subdivision Periodicals.
651 #0 - SUBJECT ADDED ENTRY--GEOGRAPHIC NAME
Geographic name Nepal
General subdivision Civilization
Form subdivision Periodicals.
651 #7 - SUBJECT ADDED ENTRY--GEOGRAPHIC NAME
Geographic name Nepal.
Source of heading or term fast
Authority record control number (OCoLC)fst01206102
655 #7 - INDEX TERM--GENRE/FORM
Genre/form data or focus term Periodicals.
Source of term fast
Authority record control number (OCoLC)fst01411641
710 2# - ADDED ENTRY--CORPORATE NAME
Corporate name or jurisdiction name as entry element Nepal Centre for Creative Research.
906 ## - LOCAL DATA ELEMENT F, LDF (RLIN)
a 7
b cbc
c serials
d 3
e ncip
f 20
g n-oclcserc
942 ## - ADDED ENTRY ELEMENTS (KOHA)
Source of classification or shelving scheme Dewey Decimal Classification
Koha item type Books
Holdings
Withdrawn status Lost status Source of classification or shelving scheme Damaged status Not for loan Home library Current library Date acquired Total Checkouts Full call number Barcode Date last seen Price effective from Koha item type
    Dewey Decimal Classification     County Hall Archives County Hall Archives 06/19/2023   301 MEI 10000648 06/19/2023 06/19/2023 Books
LIBRARY OPENING HOURS

When the Parliament is sitting: 8.00a.m - 7.00p.m or until the house adjourns
Mondays and Fridays and when the House is on Recess:  8.00a.m - 5.00p.m
Closed on Weekends and Public Holidays

Online Public Access Catalog (OPAC)
Website: http://www.parliament.go.ke
Bunge Library: https://libraryir.parliament.go.ke
Contact: library@parliament.go.ke | Tel no: (254-2)2221291 or 2848000 Ext 5043